Recognize parts of: a human? - Statistics

General Stats
  • This quiz has been taken 28 times
  • The average score is 13 of 16
Answer Stats
Picture Answer % Correct
Lips
100%
Nose
96%
Back
92%
Brain
92%
Elbow
92%
Eye
92%
Heart
92%
Ear
88%
Spine
88%
Toes
88%
Belly
85%
Fingers
85%
Heel
81%
Liver
81%
Thigh
62%
Hips
27%
No matching quizzes found
Score Distribution
Percent of People with Each Score
Percentile by Number Answered
Your Score History
You have not taken this quiz